Luật du lịch
Đã lưu trong:
| Format: | Bog |
|---|---|
| Udgivet: |
Hà Nội
2005
|
| Fag: | |
| Tags: |
Tilføj Tag
Ingen Tags, Vær først til at tagge denne postø!
|
| Thư viện lưu trữ: | Trung tâm Học liệu Lê Vũ Hùng, Trường Đại học Đồng Tháp |
|---|
| LEADER | 00571pam a22002058a 4500 | ||
|---|---|---|---|
| 001 | 00038587 | ||
| 005 | 20171026081025.0 | ||
| 008 | 170516s2005 ||||||Viesd | ||
| 041 | 0 | # | |a Vie |
| 082 | 1 | 4 | |a 346.597 |b L504D |
| 245 | 1 | 0 | |a Luật du lịch |
| 260 | # | # | |a Hà Nội |c 2005 |
| 300 | |c 62 | ||
| 653 | # | # | |a Luật du lịch |
| 852 | # | # | |b Kho mượn |j KM.0022925 |
| 852 | # | # | |b Kho đọc |j KD.0022117 |
| 852 | # | # | |j KD.0022117 |j KM.0022925 |
| 910 | |d 16/05/2017 | ||
| 980 | # | # | |a Trung tâm Học liệu Lê Vũ Hùng, Trường Đại học Đồng Tháp |